Open Region: Creating and Exploiting Opportunities for Innovation at the Regional Scale
Napredovanie v programe rekonceptualizácie regionálnej inovačnej politiky nad rámec predpokladov teritoriality implicitných v modeloch územných inovácií a systémov súvisiacich s politikami. "Otvorený región" je heuristický spôsob premýšľania o proaktívnych politických opatreniach na prepracovanie di...
Gespeichert in:
| 1. Verfasser: | |
|---|---|
| Weitere Verfasser: | , , |
| Format: | Buchkapitel |
| Sprache: | Englisch |
| Schlagworte: | |
| Tags: |
Keine Tags, Fügen Sie das erste Tag hinzu!
|
MARC
| LEADER | 00000naa a2200000 4500 | ||
|---|---|---|---|
| 001 | 0243975 | ||
| 005 | 20190708115654.9 | ||
| 041 | 0 | |a eng | |
| 044 | |a GB | ||
| 245 | 1 | 0 | |a Open Region: Creating and Exploiting Opportunities for Innovation at the Regional Scale |c Suntje Schmidt, C Felix Müller, Oliver Ibert, Verena Brinks |
| 520 | |a Napredovanie v programe rekonceptualizácie regionálnej inovačnej politiky nad rámec predpokladov teritoriality implicitných v modeloch územných inovácií a systémov súvisiacich s politikami. "Otvorený región" je heuristický spôsob premýšľania o proaktívnych politických opatreniach na prepracovanie dialektickej súhry medzi územnou otvorenosťou a uzavretím. | ||
| 610 | 2 | 0 | |a regióny |
| 610 | 2 | 0 | |a politika regionálna |
| 610 | 2 | 0 | |a samospráva |
| 610 | 2 | 0 | |a inovácie sociálne |
| 610 | 2 | 0 | |a inovácie technologické |
| 100 | 1 | |a Schmidt, Suntje | |
| 700 | 1 | |a Müller, C Felix | |
| 700 | 1 | |a Ibert, Oliver | |
| 700 | 1 | |a Brinks, Verena | |